000
00298nam a2200121 a 4500
008
101210s1967|||| d
245
1
0
_a
Môj život v speve pamäti
100
1
_a
Gigli, Beniamino
260
_b
Editio supraphon
_a
Bratislava
_c
1967
020
_c
19
041
_a
slo
044
_a
xo
_c
SK
999
_c
15122
_d
15122